Klan /

Další román uzavírá sérii krimipřípadů inspektorky Eleny Blancové.

Uloženo v:
Série:Případy Eleny Blancové, část 5
Hlavní autor: Mola, Carmen (Autor)
Další autoři: Zatloukalová, Jana, 1975- (Autor)
Médium: Kniha
Jazyk:Czech
Vydáno: Praha : Kniha Zlin, 2026
Vydání:Vydání první
Témata:
Celkem bylo vypůjčeno:0x
Příbuzné jednotky:Z cyklu:: Případy Eleny Blancové
Tagy:
Žádné tagy
LEADER 02073nam a2200433 i 4500
001 106484
003 CZ PrNK
005 20260604152649.0
007 ta
008 260513s2026 xr g 000 f cze
015 |a cnb003758073 
020 |a 9788025911365  |q (vázáno) 
040 |a ABG001  |b cze  |e rda 
041 1 |a cze  |h spa 
072 7 |a 821.134.2-3  |x Španělská próza, španělsky psaná  |2 Konspekt  |9 25 
080 |a 821.134.2-31  |2 MRF 
080 |a (0:82-312.4)  |2 MRF 
100 1 |a Mola, Carmen  |7 xx0257559  |4 aut  |9 114002 
240 1 0 |a Clan.  |l Česky 
245 1 0 |a Klan /  |c Carmen Mola ; přeložila Jana Zatloukalová 
250 |a Vydání první 
264 1 |a Praha :  |b Kniha Zlin,  |c 2026 
300 |a 446 stran ;  |c 21 cm 
336 |a text  |b txt  |2 rdacontent 
337 |a bez média  |b n  |2 rdamedia 
338 |a svazek  |b nc  |2 rdacarrier 
500 |a Přeloženo ze španělštiny 
520 2 |a Další román uzavírá sérii krimipřípadů inspektorky Eleny Blancové.  |b Inspektorka Elena Blancová stojí proti nejmocnějšímu nepříteli své kariéry. Spáry tajné organizace zvané Klan sahají do politiky, justice i policie a boj s ní může znamenat smrt. Když Elena skončí obviněná z vraždy a na útěku, její tým pátrá na vlastní pěst po zmizelém Záratem a čelí brutálním zločinům. Oddělení analýzy případů se ocitá na pokraji zániku. Strhující finále série, v němž jde o pravdu, loajalitu i přežití. Nakladatelská anotace. 
655 7 |a španělské romány  |7 fd133918  |2 czenas 
655 7 |a thrillery (romány)  |7 fd184206  |2 czenas  |9 54254 
655 9 |a Spanish fiction  |2 eczenas 
655 9 |a thrillers (novels)  |2 eczenas 
700 1 |a Zatloukalová, Jana,  |d 1975-  |7 mzk2008430588  |4 trl  |9 108059 
710 2 |a Nakladatelství Kniha Zlin  |7 xx0231594  |4 pbl  |9 117179 
787 0 8 |i Z cyklu:  |t Případy Eleny Blancové  |g 5 
910 |a UOG502 
942 |2 ddc  |c KN 
999 |d 106484 
993 |0 0  |1 421180107204  |2 ddc  |4 0  |7 0  |9 99928  |b 0  |c 107204  |d 2026-06-04  |e 0  |f DOSP  |h 499.00  |i Koupě  |l DOSP  |r 2026-06-05  |t 6  |w 2026-06-04  |y KN  |z KRIMI  |n